000 00595nam a2200265Ia 4500
005 20260306163640.0
008 008 260114s9999 xx 000 0 eng d
020 _a9780252099540
037 _aEBOOK
040 _aCRL
040 _beng
040 _cCRL
041 _2eng
041 _aeng
084 _qCRL
100 _aCooper
245 0 _aBeyond Respectability
260 _bUniversity of Illinois Press
260 _c2018
650 _aSocial Work
856 _uhttps://academic.oup.com/book/14104
942 _cEBOOK
999 _c1710940
_d1710940